| 000 | 00603nam a2200205 a 4500 | ||
|---|---|---|---|
| 005 | 20250225063843.0 | ||
| 008 | 070215s2003 mx r 000 0 spa d | ||
| 020 | _a9508082372 | ||
| 035 | _aUPN01000149358 | ||
| 049 | _aCG | ||
| 050 | 4 |
_aLC149 _bD3.2 |
|
| 100 | 1 | _aDaviña, Lila R. | |
| 245 | 1 | 0 |
_aAdquisición de la lectoescritura : _brevisión crítica de métodos y teorías / _cLila R. Daviña. |
| 260 |
_aRosario, Arg. : _bHomo sapiens, _c2003. |
||
| 300 | _a106 p. | ||
| 440 | 0 | _aEducación | |
| 650 | 4 |
_aAprendizaje de la lectura _96485 |
|
| 650 | 4 |
_aLectoescritura _92985 |
|
| 905 | _aLibro | ||
| 999 |
_c121499 _d121499 |
||